Dopasuj skoczka do odpowiedniego opisu #2 wersja lata 90 i 80 - Statystyki

Ogólne statystyki
  • Ten quiz został rozwiązany 20 razy
  • Średni wynik to 10 z 20
Statystyki odpowiedzi
Skoczek Opis % Poprawnych
Piotr Fijas Najlepszy Polski skoczek lat 80 , jako pierwszy polak stanął na podium zawodów pś. Był rekordzistą świata w długości lotu narciarskiego.
94%
Matti Nykanen. Najlepszy skoczek w historii pś. Zdobył 3 złote medale olimpijskie na jednej olimpiadzie i cztery kryształowe kule. Zmarł w 2019 roku.
89%
Heung-Chul Choi Pierwszy Koreańczyk który wywalczył punkty w pś. Jest aktywny do dziś.
72%
Primoz Peterka Pierwszy Słoweniec z kryształową kulą. Swoje pierwsze zawody wygrał w Zakopanem.
72%
Kazuyoshi Funaki Wielki stylista skoków bardzo często dostawał noty 20 punktowe , mistrz olimpijski z Nagano z 1998 roku.
67%
Toni Nieminen Najmłodszy mistrz olimpijski a także najmłodszy zwycięzca kryształowej kuli. Pierwszy skoczek który ustał skok za 200 metrem.
67%
Andreas Felder Zwycięzca pś w sezonie 1990/1991. Pobił rekord świata na Kulm i był to ostatni pobity rekord w tamtym miejscu.
61%
Pavel Ploc Najlepszy skoczek Czechosłowacki w pś. Wygrał ponad 20 konkursów.
56%
Primoz Ulaga Skoczek znany z komentarzy Szaranowicza o jego wielkiej porażce na igrzyskach w Sarajewie.
56%
Sven Hannawald Jeden z lepszych skoczków niemieckich świetny lotnik. Jako jeden z niewielu obronił tytuł mistrza świata w lotach.
56%
Fritz Koch Skoczek który ma nazwisko znanego skoczka Martina Kocha. Stanąl on raz w swojej karierze na podium.
50%
Ivan Lunardi Drugi włoski skoczek ze zwycięstwem w zawodach po Roberto Ceconie.
39%
Vegard Opaas Zwycięzca klasyfikacji generalnej pś 1986/1987 w skokach.
39%
Armin Kogler Pierwszy skoczek który wygrał cały puchar świata z rzędu.
33%
Hansjoerg Sumi Pierwszy Szwajcar który wygrał zawody pś.
28%
Jari Puikkonen Jeden z lepszych finów lat 80. Mistrz świata w lotach z 1981 roku i mistrz świata 1989 roku.
28%
Anton Innauer Pierwszy zwycięzca zawodów pś w historii.
22%
Laszlo Fischer Jedyny Węgier z punktami w pś.
22%
Andreas Goldbeger Zdobył on 3 kryształowe kule. Zwyciężył on także zaledwie 2 razy w jednym ze swoich zwycięskich sezonów co jest rekordem.
6%
Jens Weifsslog Zwycięzca pucharu świata w sezonie 1983/1984 chociaż na to nie zasłużył z powodu absurdalnej punktacji. Jedyny skoczek który był mistrzem olimpijskim w stylu klasycznym i V.
6%
Nie znaleziono quizów pasujących do podanych kryteriów
Rozkład punktacji
Procent ludzi z każdym wynikiem
Percentyl według liczby udzielonych odpowiedzi
Twoja historia wyników
Nie rozwiązałeś tego quizu